[Event "Jeddah YM 1st"]
[Site "Jeddah"]
[Date "2024.01.27"]
[Round "5"]
[White "Rey Martinez, Jaime"]
[Black "Murzin, Volodar"]
[Result "0-1"]
[WhiteElo "2342"]
[BlackElo "2635"]
[PlyCount "40"]
[EventDate "2024.01.24"]
[EventType "tourn"]
[EventRounds "9"]
[EventCountry "SAU"]
[EventCategory "10"]
[SourceTitle "CB06_2024"]
[SourceDate "2024.02.07"]
[SourceVersion "1"]
[SourceVersionDate "2024.02.07"]
[SourceQuality "1"]

1. e4 c5 2. Nf3 d6 3. d4 cxd4 4. Nxd4 Nf6 5. Nc3 a6 6. Rg1 h5 7. Bg5 Nbd7 8. Qd2 e6 9. h4 b5 10. f3 Bb7 11. Bd3 Be7 12. 0-0-0 Rc8 13. Kb1 Ne5 14. f4 Nxd3 15. cxd3 Ng4 16. Bxe7 Qxe7 17. Nf3 0-0 18. Ne2 d5 19. e5 d4 20. Nexd4 Rcd8 0-1

[Event "Titled Tuesday intern op 09th Jan Early"]
[Site "Chess.com INT"]
[Date "2024.01.09"]
[Round "5"]
[White "Murzin, Volodar"]
[Black "Bluebaum, Matthias"]
[Result "0-1"]
[WhiteElo "2635"]
[BlackElo "2655"]
[PlyCount "116"]
[EventDate "2024.01.09"]
[EventType "swiss (blitz)"]
[EventRounds "11"]
[EventCountry "USA"]
[SourceTitle "CB03_2024"]
[SourceDate "2024.01.17"]
[SourceVersion "1"]
[SourceVersionDate "2024.01.17"]
[SourceQuality "1"]

1. d4 d5 2. Nf3 e6 3. Bf4 c5 4. e3 Nc6 5. Nbd2 Bd6 6. c3 Bxf4 7. exf4 cxd4 8. Nxd4 Nxd4 9. cxd4 Qb6 10. Nb3 a5 11. Qd2 Nf6 12. Bd3 0-0 13. Rc1 Bd7 14. Nc5 Bb5 15. Bxb5 Qxb5 16. a4 Qb6 17. 0-0 Rfc8 18. Qd3 Qb4 19. Rc3 b6 20. Rb3 Qc4 21. Qxc4 dxc4 22. Rxb6 Nd5 23. Rb7 Nxf4 24. Rd1 Rab8 25. Kf1 g6 26. g3 Nd5 27. Rc1 Nb6 28. Rxb8 Rxb8 29. Ke2 Rc8 30. f4 h5 31. Ke3 Kf8 32. Ke4 Ke7 33. Rc2 Rc7 34. Kf3 Rc8 35. Ke4 Rb8 36. b3 cxb3 37. Nxb3 Nxa4 38. Nxa5 Kf6 39. Kf3 Rb5 40. Nc6 Rb3+ 41. Kg2 Nc3 42. Ne5 Nd5 43. Kf2 h4 44. Ra2 hxg3+ 45. hxg3 Rb7 46. Rc2 Kf5 47. Ra2 f6 48. Nc4 Rb3 49. Re2 Kg4 50. Rxe6 Rxg3 51. Ke1 Kf5 52. Ra6 Nxf4 53. Kf2 Rc3 54. Nd6+ Kg4 55. Ne4 Rc2+ 56. Kf1 f5 57. Nf2+ Kg5 58. Ra3 Rc1+ 0-1

[Event "Titled Tuesday intern op 09th Jan Early"]
[Site "Chess.com INT"]
[Date "2024.01.09"]
[Round "8"]
[White "Murzin, Volodar"]
[Black "Ozer, Omer Faruk"]
[Result "1-0"]
[WhiteElo "2635"]
[BlackElo "2337"]
[PlyCount "133"]
[EventDate "2024.01.09"]
[EventType "swiss (blitz)"]
[EventRounds "11"]
[EventCountry "USA"]
[SourceTitle "CB03_2024"]
[SourceDate "2024.01.17"]
[SourceVersion "1"]
[SourceVersionDate "2024.01.17"]
[SourceQuality "1"]

1. d4 Nf6 2. Nf3 e6 3. Bf4 g6 4. Nbd2 Bg7 5. e4 d6 6. c3 0-0 7. Be2 b6 8. 0-0 Bb7 9. Qc2 Nbd7 10. a4 a6 11. h3 Qe7 12. Rfe1 e5 13. Bh2 Nh5 14. Bc4 Bh6 15. Bd5 c6 16. Ba2 Bf4 17. Nc4 Ra7 18. dxe5 Nxe5 19. Nfxe5 dxe5 20. Nxb6 Kg7 21. Rad1 Bc8 22. Nxc8 Rxc8 23. a5 Rb7 24. Bc4 Ra8 25. b4 Rc7 26. g3 Bh6 27. Qd3 c5 28. Bd5 Rb8 29. Qxa6 cxb4 30. cxb4 Rxb4 31. Qd3 Rb2 32. Re2 Qb4 33. a6 Rc3 34. Rxb2 Qxb2 35. Qb1 Qe2 36. a7 Be3 37. Rf1 Bxa7 38. Qb7 Nxg3 39. Qxf7+ Kh6 40. Qf8+ Kh5 41. Ra1 Rf3 42. Qxf3+ Qxf3 43. Rxa7 Ne2+ 44. Kf1 Nf4 45. Rxh7+ Kg5 46. Bxf4+ Qxf4 47. Kg2 Qd2 48. Rf7 Qd4 49. Rf3 Kh6 50. Rg3 g5 51. Rg4 Qd2 52. Be6 Qd4 53. Bf5 Qd2 54. Rg3 Qf4 55. Rb3 Qd2 56. Rb6+ Kh5 57. Rb7 g4 58. Rh7+ Kg5 59. Rg7+ Kf6 60. Rg6+ Kf7 61. Rxg4 Qd1 62. h4 Kf6 63. h5 Qd2 64. Rg6+ Kf7 65. h6 Qf4 66. h7 Qh4 67. Rg8 1-0

[Event "Wch Blitz"]
[Site "Samarkand"]
[Date "2023.12.30"]
[Round "14"]
[White "Murzin, Volodar"]
[Black "Caruana, Fabiano"]
[Result "0-1"]
[WhiteElo "2627"]
[BlackElo "2794"]
[PlyCount "64"]
[EventDate "2023.12.29"]
[EventType "swiss (blitz)"]
[EventRounds "21"]
[EventCountry "UZB"]
[SourceTitle "CB01_2024"]
[SourceDate "2024.01.03"]
[SourceVersion "1"]
[SourceVersionDate "2024.01.03"]
[SourceQuality "1"]

1. d4 Nf6 2. Nc3 d5 3. Bf4 a6 4. e3 e6 5. g4 Bd6 6. Bg3 c5 7. g5 Ng8 8. Nf3 Nc6 9. dxc5 Bxc5 10. Bd3 Nge7 11. h4 Bd6 12. Rg1 e5 13. e4 d4 14. Nb1 Bg4 15. Nbd2 0-0 16. a3 b5 17. Qe2 Ng6 18. 0-0-0 Qe7 19. h5 Bxh5 20. Qf1 Bxa3 21. Qh3 Qb4 22. Nb3 Bxf3 23. Rh1 Rfc8 24. Qxh7+ Kf8 25. bxa3 Qxa3+ 26. Kd2 Na5 27. Bxe5 Qb4+ 28. Kc1 Nxb3+ 29. Kb1 Nxe5 30. Qh8+ Ke7 31. Qxg7 Nd2+ 32. Ka2 Qa4+ 0-1

[Event "Wch Blitz"]
[Site "Samarkand"]
[Date "2023.12.30"]
[Round "19"]
[White "Murzin, Volodar"]
[Black "Petrosian, Tigran L"]
[Result "1-0"]
[WhiteElo "2627"]
[BlackElo "2561"]
[PlyCount "91"]
[EventDate "2023.12.29"]
[EventType "swiss (blitz)"]
[EventRounds "21"]
[EventCountry "UZB"]
[SourceTitle "CB01_2024"]
[SourceDate "2024.01.03"]
[SourceVersion "1"]
[SourceVersionDate "2024.01.03"]
[SourceQuality "1"]

1. d4 d6 2. Nf3 Bg4 3. Bg5 Bxf3 4. exf3 g6 5. h4 Bg7 6. c3 Nf6 7. Nd2 c6 8. Bxf6 Bxf6 9. h5 d5 10. f4 Qb6 11. Qb3 Nd7 12. Nf3 e6 13. g3 a5 14. Bd3 a4 15. Qxb6 Nxb6 16. a3 Nd7 17. Ke2 Ke7 18. g4 c5 19. Ke3 Kd6 20. Rh2 cxd4+ 21. cxd4 Nb6 22. Rah1 Bg7 23. Ne5 Ke7 24. f5 gxf5 25. gxf5 Rac8 26. h6 Bxe5 27. dxe5 Nc4+ 28. Kd4 Nxb2 29. f6+ Kd8 30. Rb1 Nxd3 31. Kxd3 Kc7 32. Rg2 Kb8 33. Rg7 Rc7 34. Rb4 Rhc8 35. Rxa4 Rc3+ 36. Ke2 Rc2+ 37. Kf3 R8c3+ 38. Kg2 Rc4 39. Rxc4 Rxc4 40. Rxf7 Rg4+ 41. Kf3 Rg5 42. Rxh7 Rxe5 43. f7 Rf5+ 44. Ke2 Ka7 45. Rg7 d4 46. h7 1-0

[Event "Wch Blitz"]
[Site "Samarkand"]
[Date "2023.12.29"]
[Round "5"]
[White "Duda, Jan Krzysztof"]
[Black "Murzin, Volodar"]
[Result "1-0"]
[WhiteElo "2732"]
[BlackElo "2627"]
[PlyCount "57"]
[EventDate "2023.12.29"]
[EventType "swiss (blitz)"]
[EventRounds "21"]
[EventCountry "UZB"]
[SourceTitle "CB01_2024"]
[SourceDate "2024.01.03"]
[SourceVersion "1"]
[SourceVersionDate "2024.01.03"]
[SourceQuality "1"]

1. e4 e5 2. Nf3 Nc6 3. Bb5 Nf6 4. d3 Bc5 5. Bxc6 dxc6 6. 0-0 Bg4 7. h3 Bh5 8. g4 Nxg4 9. hxg4 Bxg4 10. Be3 Be7 11. Kg2 f5 12. Qe1 Qd6 13. Nh2 Qg6 14. f3 Bh5+ 15. Kh1 f4 16. Bd2 0-0-0 17. Qf2 c5 18. Rg1 Qe6 19. Rxg7 Rdg8 20. Rg2 Qh3 21. Qf1 Qe6 22. Nc3 Rg3 23. Ne2 Rh3 24. Ng1 Rg3 25. Be1 Rhg8 26. Bxg3 fxg3 27. Ne2 gxh2 28. Rxg8+ Qxg8 29. Qh3+ 1-0

[Event "Wch Blitz"]
[Site "Samarkand"]
[Date "2023.12.29"]
[Round "8"]
[White "Erigaisi, Arjun Kumar"]
[Black "Murzin, Volodar"]
[Result "1-0"]
[WhiteElo "2727"]
[BlackElo "2627"]
[PlyCount "61"]
[EventDate "2023.12.29"]
[EventType "swiss (blitz)"]
[EventRounds "21"]
[EventCountry "UZB"]
[SourceTitle "CB01_2024"]
[SourceDate "2024.01.03"]
[SourceVersion "1"]
[SourceVersionDate "2024.01.03"]
[SourceQuality "1"]

1. d4 d5 2. Nc3 Nf6 3. Bf4 Bf5 4. e3 e6 5. Bd3 Bd6 6. Nf3 0-0 7. Bxf5 exf5 8. Bg5 c6 9. Qd3 h6 10. Bh4 g6 11. Ne5 Be7 12. h3 Ne4 13. Bxe7 Qxe7 14. g4 Qh4 15. Qf1 Nxc3 16. bxc3 f4 17. exf4 Qe7 18. Kd2 Nd7 19. Qd3 Nb6 20. h4 Qf6 21. f5 gxf5 22. g5 Qe6 23. Rag1 h5 24. Qf3 Kg7 25. Qxh5 Rh8 26. Qf3 Rae8 27. h5 Nc4+ 28. Nxc4 dxc4 29. g6 Qe4 30. Qxe4 fxe4 31. h6+ 1-0

[Event "Wch Rapid"]
[Site "Samarkand"]
[Date "2023.12.27"]
[Round "9"]
[White "Radjabov, Teimour"]
[Black "Murzin, Volodar"]
[Result "1/2-1/2"]
[WhiteElo "2723"]
[BlackElo "2627"]
[PlyCount "59"]
[EventDate "2023.12.26"]
[EventType "swiss (rapid)"]
[EventRounds "13"]
[EventCountry "UZB"]
[SourceTitle "CB01_2024"]
[SourceDate "2024.01.03"]
[SourceVersion "1"]
[SourceVersionDate "2024.01.03"]
[SourceQuality "1"]

1. e4 e5 2. Nf3 Nc6 3. Bc4 Nf6 4. d3 Be7 5. Nc3 d6 6. a3 0-0 7. 0-0 Be6 8. Nd5 Re8 9. Re1 Bxd5 10. exd5 Nb8 11. d4 e4 12. Nd2 Bf8 13. Nf1 Nbd7 14. Ba2 g6 15. Bg5 Bg7 16. Ne3 Qc8 17. Rc1 a5 18. c3 Qb8 19. a4 c5 20. Qb3 Nh5 21. Qb5 Qc7 22. Nc2 Nhf6 23. h3 cxd4 24. cxd4 Qb6 25. Na3 Rec8 26. Bxf6 Rxc1 27. Rxc1 Bxf6 28. Qxd7 Qxb2 29. Rc7 Rf8 30. Nc2 1/2-1/2

[Event "Sitges Sunway op 10th"]
[Site "Sitges"]
[Date "2023.12.16"]
[Round "5"]
[White "Gorshtein, Ido"]
[Black "Murzin, Volodar"]
[Result "1/2-1/2"]
[WhiteElo "2523"]
[BlackElo "2627"]
[PlyCount "64"]
[EventDate "2023.12.12"]
[EventType "swiss"]
[EventRounds "10"]
[EventCountry "ESP"]
[SourceTitle "CB52_2023"]
[SourceDate "2023.12.27"]
[SourceVersion "1"]
[SourceVersionDate "2023.12.27"]
[SourceQuality "1"]

1. d4 Nf6 2. c4 g6 3. Nc3 Bg7 4. e4 0-0 5. Be3 d6 6. h3 e5 7. d5 a5 8. g4 Na6 9. Qd2 Nd7 10. Nge2 f5 11. exf5 gxf5 12. gxf5 Ndc5 13. Ng3 Bxf5 14. Nxf5 Rxf5 15. Rg1 Kh8 16. 0-0-0 Qf8 17. Bd3 Rf6 18. Rg4 Bh6 19. Bb1 Bxe3 20. Qxe3 Qh6 21. Rdg1 Qxe3+ 22. fxe3 Raf8 23. Kd2 Nb8 24. Rg7 R6f7 25. Rxf7 Rxf7 26. Ke2 Nbd7 27. Nb5 Nf6 28. Rf1 Kg7 29. Rg1+ Kf8 30. Rf1 Kg7 31. Rg1+ Kf8 32. Rf1 Kg7 1/2-1/2

[Event "Sitges Sunway op 10th"]
[Site "Sitges"]
[Date "2023.12.15"]
[Round "4"]
[White "Murzin, Volodar"]
[Black "Fiorito, Francisco"]
[Result "1-0"]
[WhiteElo "2627"]
[BlackElo "2370"]
[PlyCount "67"]
[EventDate "2023.12.12"]
[EventType "swiss"]
[EventRounds "10"]
[EventCountry "ESP"]
[SourceTitle "CB52_2023"]
[SourceDate "2023.12.27"]
[SourceVersion "1"]
[SourceVersionDate "2023.12.27"]
[SourceQuality "1"]

1. d4 Nf6 2. Nf3 b6 3. Bg5 Ne4 4. Bh4 Bb7 5. Nbd2 Nxd2 6. Qxd2 g6 7. Bg3 d6 8. h4 Nd7 9. h5 gxh5 10. e3 a6 11. Bd3 Nf6 12. Qe2 Ne4 13. Rxh5 Nxg3 14. fxg3 h6 15. 0-0-0 Qd7 16. Rf1 Rg8 17. Rf5 e6 18. Rf4 Rxg3 19. Nh4 Rg8 20. Nf3 Rg3 21. Nh4 f5 22. Nxf5 exf5 23. Bxf5 Qe7 24. Qh5+ Kd8 25. Be4 Kd7 26. Bf5+ Kd8 27. Be4 Kd7 28. Qf5+ Qe6 29. Qxe6+ Kxe6 30. Bxb7 Rb8 31. Bc6 Bg7 32. Re4+ Be5 33. dxe5 d5 34. Rf6+ 1-0

[Event "Sitges Sunway op 10th"]
[Site "Sitges"]
[Date "2023.12.13"]
[Round "2"]
[White "Murzin, Volodar"]
[Black "Meister, Peter"]
[Result "1/2-1/2"]
[WhiteElo "2627"]
[BlackElo "2332"]
[PlyCount "139"]
[EventDate "2023.12.12"]
[EventType "swiss"]
[EventRounds "10"]
[EventCountry "ESP"]
[SourceTitle "CB52_2023"]
[SourceDate "2023.12.27"]
[SourceVersion "1"]
[SourceVersionDate "2023.12.27"]
[SourceQuality "1"]

1. e4 e6 2. d4 d5 3. Nc3 Nf6 4. Bg5 dxe4 5. Nxe4 Be7 6. Bxf6 gxf6 7. Nf3 f5 8. Ned2 c5 9. dxc5 Bxc5 10. Bd3 Nc6 11. Qe2 Qf6 12. Nc4 Bd7 13. c3 h5 14. 0-0 a5 15. Nfe5 Nxe5 16. Nxe5 Bd6 17. Nf3 Kf8 18. Bb5 Bxb5 19. Qxb5 e5 20. Rfe1 e4 21. Nd4 Be5 22. Rad1 Rg8 23. Nc2 Re8 24. Rd5 b6 25. Re2 f4 26. f3 exf3 27. Rexe5 Rxg2+ 28. Kf1 Rxe5 29. Rxe5 Rxc2 30. Qe8+ Kg7 31. Rxh5 Kg6 32. Rh3 Rc1+ 33. Kf2 Qg5 34. Qg8+ Kf6 35. Qd8+ Kg6 36. Qd3+ Kf6 37. Kxf3 Rg1 38. Qd4+ Kg6 39. Qe4+ Kg7 40. Qh7+ Kf8 41. Qh6+ Ke7 42. Qxg5+ Rxg5 43. a4 b5 44. Kxf4 Rg2 45. axb5 Rxb2 46. c4 Rc2 47. Ke5 Rxc4 48. Kd5 Rc2 49. Rh8 Kd7 50. b6 Rb2 51. Kc5 a4 52. Rf8 Rc2+ 53. Kb5 Rb2+ 54. Ka6 a3 55. Rxf7+ Kc6 56. Rc7+ Kd6 57. Rc1 a2 58. Ra1 Kc6 59. Ka7 Rxb6 60. Rxa2 Rb7+ 61. Ka8 Rh7 62. Rd2 Rh8+ 63. Ka7 Rh7+ 64. Ka6 Rh5 65. Rc2+ Kd5 66. Kb6 Ke4 67. Kc6 Kf4 68. Kd6 Kg4 69. Ke6 Kh3 70. Kf6 1/2-1/2

[Event "Sitges Sunway op 10th"]
[Site "Sitges"]
[Date "2023.12.12"]
[Round "1"]
[White "Saydaliev, Akobirkhon"]
[Black "Murzin, Volodar"]
[Result "0-1"]
[WhiteElo "2111"]
[BlackElo "2627"]
[PlyCount "134"]
[EventDate "2023.12.12"]
[EventType "swiss"]
[EventRounds "10"]
[EventCountry "ESP"]
[SourceTitle "CB52_2023"]
[SourceDate "2023.12.27"]
[SourceVersion "1"]
[SourceVersionDate "2023.12.27"]
[SourceQuality "1"]

1. d4 Nf6 2. c4 g6 3. Nf3 Bg7 4. g3 0-0 5. Bg2 d6 6. 0-0 Nbd7 7. Nc3 e5 8. h3 Re8 9. e4 b6 10. Be3 Bb7 11. d5 a5 12. b3 Ba6 13. Qc2 Qe7 14. Nd2 Qf8 15. Rfc1 h5 16. a3 Bh6 17. Nf1 h4 18. g4 Nh7 19. Ne2 Ng5 20. b4 Qe7 21. Qd2 Kh8 22. bxa5 Nc5 23. Qc2 bxa5 24. Rab1 Rg8 25. Kh1 Raf8 26. Bxc5 dxc5 27. Ne3 f6 28. Qc3 Nf7 29. Qxa5 Bxe3 30. fxe3 Ra8 31. Qe1 Nd6 32. Qxh4+ Kg7 33. Rc3 Bxc4 34. Qe1 Bxe2 35. Qxe2 c4 36. Rb4 Rgb8 37. Qb2 Rxb4 38. Qxb4 Qd8 39. Qb2 Rb8 40. Qc2 Rb7 41. Qa4 Rb1+ 42. Kh2 g5 43. Rc2 Kf8 44. Qc6 Ke7 45. a4 Qd7 46. Qc5 Kd8 47. Rf2 Ke7 48. Rc2 Qxa4 49. Qxc7+ Qd7 50. Qc5 Kf7 51. Rf2 Rb5 52. Qa3 Qc7 53. h4 Kg6 54. h5+ Kg7 55. Rc2 Rb1 56. Qa8 Rb8 57. Qa4 Rb1 58. Qa8 Rb7 59. Bf1 Qb6 60. Bxc4 Qxe3 61. h6+ Kxh6 62. Qf8+ Kg6 63. Re2 Qf3 64. Rg2 Qf4+ 65. Rg3 Nxe4 66. Qg8+ Kh6 67. Qf8+ Kh7 0-1

[Event "Wch U18"]
[Site "Montesilvano"]
[Date "2023.11.22"]
[Round "9"]
[White "Chyzy, Jakub"]
[Black "Murzin, Volodar"]
[Result "0-1"]
[WhiteElo "2286"]
[BlackElo "2625"]
[PlyCount "138"]
[EventDate "2023.11.13"]
[EventType "swiss"]
[EventRounds "11"]
[EventCountry "ITA"]
[SourceTitle "CB48_2023"]
[SourceDate "2023.11.29"]
[SourceVersion "1"]
[SourceVersionDate "2023.11.29"]
[SourceQuality "1"]

1. e4 e6 2. d3 c5 3. g3 Nc6 4. Bg2 d5 5. Nc3 d4 6. Nce2 e5 7. f4 Bd6 8. Nf3 Bg4 9. 0-0 Nge7 10. h3 Bxf3 11. Rxf3 h5 12. f5 Nc8 13. Bd2 Be7 14. Qc1 Nd6 15. c4 a6 16. a3 Nb8 17. g4 Nd7 18. Ng3 hxg4 19. hxg4 Qc7 20. Nh5 0-0-0 21. Rh3 Rdg8 22. Ng3 Qd8 23. g5 Rxh3 24. Bxh3 Rh8 25. Kg2 Rh4 26. b4 Kb8 27. Ne2 b5 28. Rb1 Ka7 29. bxc5 Nxc5 30. cxb5 Nxb5 31. a4 Nxa4 32. Ra1 Nac3 33. Bxc3 dxc3 34. Nxc3 Nd4 35. Qb1 Bb4 36. f6 Bxc3 37. Ra3 Rxh3 38. Qa2 Qc8 39. Rxa6+ Qxa6 40. Qxa6+ Kxa6 41. fxg7 Ne6 42. g8Q Nf4+ 43. Kf2 Bd4+ 44. Ke1 Re3+ 45. Kd1 Rxd3+ 46. Ke1 Rf3 47. Kd1 Ng6 48. Qb8 Rf2 49. Qb4 Nh4 50. Qa4+ Kb6 51. Qb4+ Kc7 52. Qc4+ Kd8 53. Qb4 Ng2 54. Qd6+ Ke8 55. Qb8+ Kd7 56. Qb7+ Kd6 57. Qd5+ Ke7 58. Qa8 Ne3+ 59. Ke1 Rc2 60. Qa3+ Kd7 61. Qa4+ Kd6 62. Qb4+ Kc6 63. Qa4+ Kc5 64. Qa3+ Kc4 65. Qa6+ Kb4 66. Qb7+ Ka3 67. Qa6+ Kb2 68. Qb5+ Kc1 69. g6 Bc3# 0-1

[Event "Wch U18"]
[Site "Montesilvano"]
[Date "2023.11.15"]
[Round "3"]
[White "Wong, Zhenyong Jayden"]
[Black "Murzin, Volodar"]
[Result "1/2-1/2"]
[WhiteElo "2356"]
[BlackElo "2625"]
[PlyCount "85"]
[EventDate "2023.11.13"]
[EventType "swiss"]
[EventRounds "11"]
[EventCountry "ITA"]
[SourceTitle "CB48_2023"]
[SourceDate "2023.11.29"]
[SourceVersion "1"]
[SourceVersionDate "2023.11.29"]
[SourceQuality "1"]

1. d4 d5 2. c4 c6 3. Nf3 Nf6 4. Nc3 e6 5. g3 Nbd7 6. Bg2 dxc4 7. 0-0 Be7 8. e4 0-0 9. Bf4 a5 10. a4 Bb4 11. Qe2 b6 12. Rfd1 Ba6 13. Nd2 b5 14. axb5 Bxb5 15. Bg5 h6 16. Bxf6 Nxf6 17. Rac1 Bxc3 18. bxc3 Nd7 19. e5 Nb6 20. Ne4 Ba4 21. Rf1 Bb3 22. f4 Nd5 23. Nd6 f5 24. g4 a4 25. gxf5 exf5 26. Bxd5+ cxd5 27. Kh1 a3 28. Rg1 Ra7 29. Qh5 Kh8 30. Nxf5 Qe8 31. Qxe8 Rxe8 32. Ne3 a2 33. Kg2 Ba4 34. Ra1 Bd7 35. f5 Ra3 36. Rgc1 Ba4 37. Kf3 Rb8 38. e6 Rb2 39. Kf4 Rf2+ 40. Kg3 Rd2 41. Kf4 Rf2+ 42. Kg3 Rd2 43. Kg4 1/2-1/2